Szczegóły MARC21

Sistema Stanislavskogo i sovetskij teatr /

003 -Nazwa inst., której nr kontr. jest w polu 001 [,]
    • @
    • Nazwa instytucji, której n kontrolny jest w polu 001
    • NUKAT
005 -DATA I CZAS OSTATNIEJ MODYFIKACJI [,]
    • @
    • pole kontrolne
    • 20241231112245.0
040 -Instytucja sporządzająca opis [ , ]
    • a
    • Instytucja, która sporządziła opis (NP)
    • KR U/RB
    • c
    • Instytucja, która sporządziła rekord (NP)
    • KR U/RB
    • d
    • Instytucja, która zmodyfikowała rekord (P)
    • KR U/RB
942 -Rodzaj dokumentu [ , ]
    • c
    • Rodzaj dokumentu
    • Książka
100 -Hasło główne - nazwa osobowa [1, ]
    • a
    • Nazwa osobowa (NP)
    • Abalkin, Nikolaj Aleksandrovič
    • d
    • Daty biograficzne (NP)
    • (1906-1986).
    • 9
    • KHW
    • 507765
245 -Strefa tytułu i oznaczenia odpowiedzialności [1,0]
    • a
    • Tytuł
    • Sistema Stanislavskogo i sovetskij teatr / Find
    • c
    • Pozostałe elementy strefy tytułu i oznaczenia odpowiedzialności (NP)
    • N. Abalkin ; [red. P. A. Markov] ; Vserossijskoe teatralnoe obŝestvo.
260 -Strefa adresu wydawniczego [ , ]
    • a
    • Miejsce wydania (P)
    • Moskva :
    • b
    • Nazwa wydawcy (P)
    • Gosudarstvennoe izdatel'stvo Iskusstvo,
    • c
    • Data wydania (P)
    • 1950.
300 -Strefa opisu fizycznego [ , ]
    • a
    • Określenie formy książki i/lub objętość (NP)
    • 318, [2] s., [1] k. tabl. :
    • b
    • Oznaczenie ilustracji (NP)
    • il. ;
    • c
    • Format (NP)
    • 21 cm.
336 -Typ zawartości [ , ]
    • a
    • Termin opisujący typ zawartości
    • Tekst
    • b
    • Kod określający zawartość
    • txt
    • 2
    • Źródło (terminu i kodu)
    • rdacontent
337 -Typ mediów [ , ]
    • a
    • Tryb odtwarzania
    • Bez urządzenia pośredniczącego
    • b
    • Kod typu mediów
    • n
    • 2
    • Źródło (terminu i kodu)
    • rdamedia
338 -Typ/rodzaj nośnika [ , ]
    • a
    • Hasło opisujące typ nośnika
    • Wolumin
    • b
    • Kod typu nośnika
    • nc
    • 2
    • Źródło (terminu i kodu)
    • rdacarrier
380 -Deskryptor - Forma dzieła (P) [ , ]
    • a
    • forma dzieła (NP)
    • Książki
504 -Uwaga dot. bibliogr. załącznikowej [ , ]
    • a
    • Uwaga dot. bibliografii załącznikowej
    • Bibliogr. s. 318-319.
080 -Uniwersalna Klasyfikacja Dziesiętna [ , ]
    • a
    • Symbol klasyfikacji
    • 792(470)(091)"18"=82
600 -Hasło przedmiotowe w formie nazwy osobowej [1,7]
    • a
    • Nazwa osobowa
    • Stanisławski, Konstantin
    • d
    • Daty związane z nazwą
    • (1863-1938)
    • 2
    • Źródło terminu
    • DBN
    • 9
    • KHW
    • 736356
648 -Hasło przedmiotowe - chronologia [ ,7]
    • a
    • Deskryptor chronologiczny
    • 1801-1900
    • 2
    • Źródło terminu
    • DBN
    • 9
    • KHW
    • 721135
648 -Hasło przedmiotowe - chronologia [ ,7]
    • a
    • Deskryptor chronologiczny
    • 1901-2000
    • 2
    • Źródło terminu
    • DBN
    • 9
    • KHW
    • 721448
648 -Hasło przedmiotowe - chronologia [ ,7]
    • a
    • Deskryptor chronologiczny
    • 1914-1918
    • 2
    • Źródło terminu
    • DBN
    • 9
    • KHW
    • 721702
648 -Hasło przedmiotowe - chronologia [ ,7]
    • a
    • Deskryptor chronologiczny
    • 1918-1939
    • 2
    • Źródło terminu
    • DBN
    • 9
    • KHW
    • 721223
648 -Hasło przedmiotowe - chronologia [ ,7]
    • a
    • Deskryptor chronologiczny
    • 1939-1945
    • 2
    • Źródło terminu
    • DBN
    • 9
    • KHW
    • 721730
650 -Hasło przedmiotowe [ ,7]
    • a
    • Hasło przedmiotowe
    • Reżyseria
    • 2
    • Źródło terminu
    • DBN
    • 9
    • KHW
    • 735224
650 -Hasło przedmiotowe [ ,7]
    • a
    • Hasło przedmiotowe
    • System Stanisławskiego
    • 2
    • Źródło terminu
    • DBN
    • 9
    • KHW
    • 736357
650 -Hasło przedmiotowe [ ,7]
    • a
    • Hasło przedmiotowe
    • Teatr
    • 2
    • Źródło terminu
    • DBN
    • 9
    • KHW
    • 730103
650 -Hasło przedmiotowe [ ,7]
    • a
    • Hasło przedmiotowe
    • Teatr radziecki
    • 2
    • Źródło terminu
    • DBN
    • 9
    • KHW
    • 736362
650 -Hasło przedmiotowe [ ,7]
    • a
    • Hasło przedmiotowe
    • Teatr rosyjski
    • 2
    • Źródło terminu
    • DBN
    • 9
    • KHW
    • 736363
650 -Hasło przedmiotowe [ ,7]
    • a
    • Hasło przedmiotowe
    • Teoria sztuki
    • 2
    • Źródło terminu
    • DBN
    • 9
    • KHW
    • 735645
651 -Hasło przedmiotowe w formie nazwy geograficznej [ ,7]
    • a
    • Nazwa geograficzna
    • Rosja
    • 2
    • Źródło terminu
    • DBN
    • 9
    • KHW
    • 721525
658 -Ujęcie treści [ , ]
    • a
    • dziedzina nauki i sztuki/ sfera aktywności życiowej
    • Historia
658 -Ujęcie treści [ , ]
    • a
    • dziedzina nauki i sztuki/ sfera aktywności życiowej
    • Kultura i sztuka
980 -Symbol UKD [ , ]
    • a
    • UKD
    • 792(470)(091)"18"=82
700 -Hasło dodatkowe - nazwa osobowa [1, ]
    • a
    • Nazwa osobowa (NP)
    • Markov, Pavel Aleksandrovič Find
    • d
    • Daty biograficzne (NP)
    • (1897-1980).
    • e
    • Określenie rodzaju współpracy
    • Red.
    • 9
    • KHW
    • 736249
Numer inwentarzowy Status udost. Data inwentaryzacji Lokalizacja
JK.26812002-11-29BG